00503nam a2200181 i 4500001000300000245005000003260004300053300004300096500001700139504002500156040000800181041000800189080001000197942000700207008004100214999001700255952004900272bg 0aFizika vakuumnogo ul'trafioletogo izlucenija. aKiev :bIzdat. "Naukova Dumka",c1974. as. 255, nlb. 1 :brys., ilustr., tabl. a[Alf. ros.]. a[Zawiera bibliogr.]. cBPK apol a533.5 cKS s pl f |000 0 pol  c26606d26606 00104070aBPKbBPKcwo18088p01716832yKS